| 000 | 00628nam a2200205Ia 4500 | ||
|---|---|---|---|
| 003 | GCL | ||
| 008 | 140319s9999 xx 000 0 ara d | ||
| 040 |
_aGCL / _cGCL |
||
| 082 | 0 | 4 |
_a366.1 _bم م |
| 100 | 1 | _aمحمد على الزعبى | |
| 245 | 1 | 0 |
_aالماسونية منشئة ملك اسرائيل / _cمحمد على الزعبى |
| 260 |
_a[S.N] : _bالمكتبة الثقافية |
||
| 300 | _a127 ص | ||
| 490 | _a | ||
| 650 | 0 | 4 | _aالنزاع العربى الاسرائيلى |
| 650 | 0 | 4 | _aالجمعيات السرية |
| 650 | 0 | 4 | _aالماسونية |
| 650 | 0 | 4 | _aالصهيونية |
| 942 |
_2ddc _cBK |
||
| 999 |
_c32600 _d32600 |
||